000 00448nam a2200157Ia 4500
003 OSt
005 20200608143614.0
008 190216s9999||||xx |||||||||||||| ||und||
040 _coclc
082 _a327
_bMAH/I
100 _a Mahajan, Vidya Dhar
_91752
245 0 _aInternational Relations Since 1900 /
_cVidya Dhar Mahajan
260 _bMacmillan,
_c1985.
300 _a856p
942 _cBK
_2ddc
_h327
_iMAH/I
_k327
_mMAH/I
999 _c19868
_d19868